Visualizzazione normale
Vista MARC
- Abbadie, Arnauld d',
di Personal Name
Records bibliografici associati: 1
001 - CONTROL NUMBER
- control field: 34406
003 - CONTROL NUMBER IDENTIFIER
- control field: IT-RoINE
005 - DATE AND TIME OF LATEST TRANSACTION
- control field: 20170512085922.0
008 - FIXED-LENGTH DATA ELEMENTS
- fixed length control field: 170512|| aca||aabn | a|a d
040 ## - CATALOGING SOURCE
- Original cataloging agency: IT-RoINE
- Transcribing agency: IT-RoINE
100 ## - HEADING--PERSONAL NAME
- Personal name: Abbadie, Arnauld d',
- Dates associated with a name: 1815-1893
670 ## - SOURCE DATA FOUND
- Source citation: Work cat.: (IT-RoINE)0: Abbadie, Arnauld d', 1815-1893, Douze ans de séjour dans la Haute-Ethiopie (Abyssinie) /, 1980-1999.